Vista normal
Vista MARC
Entrada Materia (personas)
Número de registros utilizados en: 1
001 - CONTROL NUMBER
- control field: 39135
003 - CONTROL NUMBER IDENTIFIER
- control field: Co-BoUCM
005 - DATE AND TIME OF LATEST TRANSACTION
- control field: 20130613112516.0
008 - FIXED-LENGTH DATA ELEMENTS
- fixed length control field: 130613|| aca||aabn | a|a d
040 ## - CATALOGING SOURCE
- Original cataloging agency: Co-BoUCM
- Transcribing agency: Co-BoUCM
100 ## - HEADING--PERSONAL NAME
- Personal name: Príncipe y Satorres, Enrique
670 ## - SOURCE DATA FOUND
- Source citation: Work cat.: (Co-BoUCM)0: Jhering, Rudolf von 1818-1892 39134, El espíritu del Derecho romano en las diversas fases de su desarrollo, 1891-1992